000 01341 a2200241 4500
001 21204
005 20260407155502.0
008 260407a2013 arg spa d
003 AR-UNSa-BCEJYS
040 _aAR-UNSa-BCEJYS
_bspa
_cAR-UNSa-BCEJYS
080 _a336.226
_xTipos de impuestos. Impuestos directos e indirectos
245 1 0 _aImpuestos sobre los bienes personales y a la ganancia mínima presunta
_pexplicados y comentados
020 _a978-987-01-1468-0
264 1 _aBuenos Aires :
_bErrepar
_c2013
300 _a139 p.
_c27 cm.
505 _aImpuesto sobre los bienes personales: 1. Imposición sobre el patrimonio - 2. Hecho imponible - 3. Exenciones - 4. Valuación de bienes - 5. Régimen de responsabilidad sustituta - 6. Liquidación y pago del impuesto -- Impuesto a la ganancia mínima presunta: 1. Impuesto a la ganancia mínima presunta - 2. Hecho imponible - 3. Bienes exentos, no computables y no considerados como activos - 4. Valuación de bienes - 5. Liquidación y pago del impuesto
041 _aspa
942 _cBK
590 _aniveau_biblio:m niveau_hierar:0
100 1 _aCeldeiro, Ernesto Carlos
700 1 _aImirizaldu, Juan José
856 4 1 _uhttps://biblioeco.unsa.edu.ar/pmb/images/libros/Impuestos Sobre los Bienes Personales y a la Ganancia M?nima Presunta .jpg
_yImagen de portada
_qimage/jpeg
999 _c779
_d779